Chemistry of vitamins and hormones /

Guardado en:
Autor Principal: Rangaswami, Srinivasa.
Otros Autores: Seshadri, T. R.
Formato: Libro
Idioma:English
Publicado: Waltair, South India : Andhra Univ., 1952.
Etiquetas: Agregar Etiqueta
Sin Etiquetas, Sea el primero en etiquetar este registro!
LEADER 00489nam a22001455a 4500
001 EEA.libagro000913
005 20150413132434.0
008 130809s1952####ii#a##########000#0#eng#d
082 0 4 |a 547.7 
100 1 |a Rangaswami, Srinivasa. 
245 1 0 |a Chemistry of vitamins and hormones /  |c by S. Rangaswami and T.R. Seshadri. 
260 |a Waltair, South India :  |b Andhra Univ.,  |c 1952. 
300 |a 467 p. :  |b il. ;  |c 22 cm. 
700 1 |a Seshadri, T. R. 
859 |a AR-BbBCA  |b BIB. AGRONOMIA  |h 547.7  |i R196a2  |p 1961/0203